Tsjekkoslovaker i Norge under andre verdenskrig : utstillingskatalog /

Main Author: Frøland, Hans Otto, 1958-
Other Authors: Hatlehol, Gunnar, D., Hingarová, Vendula, 1976-, Maršálek, Zdenko, 1966-
Language: Norwegian
Published: Praha : Karlsuniversitet, Filosofisk Fakultet, 2023
Edition: Første utgave
Subjects:
Physical Description: 56 stran : ilustrace (některé barevné), portréty, faksimile ; 23 cm
Book
Saved in:
LEADER 02717nam a2200697 i 4500
001 nkc20233525164
003 CZ PrNK
005 20230710072008.0
007 ta
008 230615s2023 xr ach e c 000 0cnor
020 |a 978-80-7671-113-6  |q (brožováno) 
040 |a OLA001  |b cze  |e rda 
043 |a e-no--- 
044 |a xr  |a no 
045 |a x3x4 
072 7 |a 325  |x Mezinárodní migrace, exil, kolonizace  |2 Konspekt  |9 15 
072 7 |a 929  |x Biografie  |2 Konspekt  |9 8 
080 |a 94(100)"1939/1945"  |2 MRF 
080 |a (=162.3)  |2 MRF 
080 |a (=162.4)  |2 MRF 
080 |a 314.15-026.44  |2 MRF 
080 |a 929  |2 MRF 
080 |a (481)  |2 MRF 
080 |a (083.824)  |2 MRF 
080 |a (092)  |2 MRF 
080 |a (084.12)  |2 MRF 
100 1 |a Frøland, Hans Otto,  |d 1958-  |7 jo20231179776  |4 aut 
245 1 0 |a Tsjekkoslovaker i Norge under andre verdenskrig :  |b utstillingskatalog /  |c Hans Otto Frøland, Gunnar D. Hatlehol, Vendula V. Hingarová, Zdenko Maršálek 
250 |a Første utgave 
264 1 |a Praha :  |b Karlsuniversitet, Filosofisk Fakultet,  |c 2023 
300 |a 56 stran :  |b ilustrace (některé barevné), portréty, faksimile ;  |c 23 cm 
336 |a text  |b txt  |2 rdacontent 
336 |a statický obraz  |b sti  |2 rdacontent 
337 |a bez média  |b n  |2 rdamedia 
338 |a svazek  |b nc  |2 rdacarrier 
648 7 |a 1939-1945  |7 ch460653  |2 czenas 
650 0 7 |a druhá světová válka (1939-1945)  |7 ph117270  |2 czenas 
650 0 7 |a Češi  |7 ph128067  |x emigrace a imigrace  |y 1939-1945  |2 czenas 
650 0 7 |a Slováci  |7 ph118089  |x emigrace a imigrace  |y 1939-1945  |2 czenas 
650 0 7 |a Češi  |7 ph128067  |z Norsko  |y 1939-1945  |2 czenas 
650 0 7 |a Slováci  |7 ph118089  |z Norsko  |y 1939-1945  |2 czenas 
650 0 9 |a World War (1939-1945)  |2 eczenas 
650 0 9 |a Czechs  |x emigration and immigration  |y 1939-1945  |2 eczenas 
650 0 9 |a Slovaks  |x emigration and immigration  |y 1939-1945  |2 eczenas 
650 0 9 |a Czechs  |z Norway  |y 1939-1945  |2 eczenas 
650 0 9 |a Slovaks  |z Norway  |y 1939-1945  |2 eczenas 
655 7 |a medailony  |7 fd185951  |2 czenas 
655 7 |a katalogy výstav  |7 fd132536  |2 czenas 
655 7 |a fotografické publikace  |7 fd132276  |2 czenas 
655 9 |a exhibition catalogs  |2 eczenas 
655 9 |a biography  |2 eczenas 
655 9 |a photographical works  |2 eczenas 
700 1 |a Hatlehol, Gunnar, D.  |7 jo20231179777  |4 aut 
700 1 |a Hingarová, Vendula,  |d 1976-  |7 mzk2009539775  |4 aut 
700 1 |a Maršálek, Zdenko,  |d 1966-  |7 js20020722018  |4 aut 
910 2 |a BOA001  |b 2-1510.158 
928 9 |a Univerzita Karlova, Filozofická fakulta 
990 |a BK 
995 |a 11 
991 |b 202307  |c NOV 
996 6 |b 2610942123  |c 2-1510.158  |l MZK  |r Sklad / do 1 hodiny  |n 1  |p p.v.  |w 001930135  |u 000010  |a 1  |e BOA001  |j MZK50  |s P